000 00598nam a2200181 4500
001 123298
003 ES-MaACL
005 20230906192139.0
007 t|
008 070214s1959 cu r ||||0| spa d
100 1 _aQuesada y Miranda, Gonzalo de.
_994574
245 1 4 _aLos natales de Martí
_b: discurso /
_cGonzalo de Quesada y Miranda.
260 _aLa Habana :
_b[s.n.],
_c1959 (
_fImp. El Siglo XX)
300 _a18 p ;
_c24 cm.
500 _aPrecede al Tit : Academia de la Historia de Cuba.
710 2 _aAcademia de la Historia de Cuba.
_91183
852 _aES-MaACL
_j2018-F-19
_bR.45350
999 _c123298
_d123298